MARC details
| 000 -LEADER |
| campo de control de longitud fija |
02557nam a2200277 i 4500 |
| 001 - NÚMERO DE CONTROL |
| campo de control |
159620 |
| 003 - IDENTIFICADOR DE NÚMERO DE CONTROL |
| campo de control |
ES-MaACL |
| 005 - FECHA Y HORA DE LA ÚLTIMA TRANSACCIÓN |
| campo de control |
20250814044424.0 |
| 008 - DATOS DE LONGITUD FIJA--INFORMACIÓN GENERAL |
| campo de control de longitud fija |
931025s1790 sp ax |||| | spa d |
| 040 ## - FUENTE DE CATALOGACIÓN |
| Centro catalogador/agencia de origen |
CAM |
| Lengua de catalogación |
spa |
| Centro/agencia transcriptor |
PAB |
| 100 1# - ENTRADA PRINCIPAL--NOMBRE DE PERSONA |
| Nombre de persona |
Middleton, Conyers ( |
| Fechas asociadas al nombre |
1683-1750) |
| 9 (RLIN) |
129901 |
| 245 10 - MENCIÓN DEL TÍTULO |
| Título |
Historia de la vida de Marco Tulio Cicerón : |
| Resto del título |
tomo I [-IV] / |
| Mención de responsabilidad, etc. |
escrita en ingles por Conyers Middleton ... ; traducida por Don Joseph Nicolas de Azara. |
| 260 ## - PUBLICACIÓN, DISTRIBUCIÓN, ETC. |
| Lugar de publicación, distribución, etc. |
Madrid : |
| Nombre del editor, distribuidor, etc. |
en la Imprenta Real, siendo regente Don Lazaro Gayguer, |
| Fecha de publicación, distribución, etc. |
1790. |
| 300 ## - DESCRIPCIÓN FÍSICA |
| Extensión |
4 v. ([12], 82, 262, [2] p., [4] h. de grab. ; [10], 380 p., [7] h. de grab. ; [18], 389 p., [7] h. de grab. ; [14], 347, [2] p., [5] h. de grab. : |
| Otras características físicas |
il. ; |
| Dimensiones |
22 cm. |
| 597 ## - NOTA DE DESCRIPCIÓN FÍSICA |
| NOTA DE DESCRIPCIÓN FÍSICA |
Sign. : a-l4, m3, A-Z4, 2A-2K4 ; Sign. : A-Z4, 2A-2Y4, 2Z5, 3A-3B4, 3C3 ; []2, A-2Z4, 3A-3D4, 3E2 ; Sign.: [ ]2, [asterisco]5, A-Z4, 2A-2P4, 2Q2, 2R-2X4, [ ]1. |
| 597 ## - NOTA DE DESCRIPCIÓN FÍSICA |
| NOTA DE DESCRIPCIÓN FÍSICA |
Apostillas marginales. |
| 597 ## - NOTA DE DESCRIPCIÓN FÍSICA |
| NOTA DE DESCRIPCIÓN FÍSICA |
Antep. |
| 599 ## - NOTA A LAS ILUSTRACIONES |
| NOTA A LAS ILUSTRACIONES |
I. Las h. de grab. calc. : retratos de Cicerón, Mario Sila, y escultura de Rescio "Bon. Salesa delim. Cm. Carmona Sculpt." ; II. Las h. de grab. calc. retratos de Demóstenes, Esquines, Isócrates, Lisias, Pericles, Platón y Aristóteles : "Bon. Salesa del., Ioan Ottariani inc. ; Joan Petrini inc. ; Gir. Carattioni inc., Jacob Bossi inc. ; Fran. Cecehini inc." ; III. Las h. de grab. calc.: "Bon. Salesa del., Jac. Bossi inc.", "Bon. Salesa del., Joan. Ottaviani inc.", "Bon. Salesa del., Gio. Petrini inc.", "Bon. Salesa del., Joan. Folo inc.", "Bon. Salesa del., Franc. Cecchini sculp.", "Bon. Salesa del., Hier. Carattoni sculp.", retratos ; IV. Las h. de grab. e ilustraciones calc.: "Bon. Salessa del", "Jac. Bossi scul. et inc.", "Joan. Ottaviani inc.", "Gio Petrini inc.", "Joan. Folo inc.", "Gir Carattoni inc.", "Hier. Carattoni inc.", "Petr. Fontana inc." |
| 599 ## - NOTA A LAS ILUSTRACIONES |
| NOTA A LAS ILUSTRACIONES |
Contiene 24 hojas de lámina calcográficas que representan retratos: 4 en el t. 1, 7 en el t. 2, 7 en el t. 3, y 6 en el t. 4, todas firmadas, y diversos grabados calcográficos intercalados en el texto, todos firmados. |
| 600 14 - PUNTO DE ACCESO ADICIONAL DE MATERIA--NOMBRE DE PERSONA |
| Nombre de persona |
Cicerón, Marco Tulio. |
| 9 (RLIN) |
38748 |
| 700 1# - ENTRADA AGREGADA--NOMBRE PERSONAL |
| Nombre de persona |
Azara, José Nicolás de, |
| Fechas asociadas al nombre |
1730-1804 |
| 9 (RLIN) |
24235 |
| 852 ## - LOCALIZACIÓN |
| Ubicación |
ES-MaACL |
| Número de control de estantería |
R-770-73 |
| Nota libre |
-- Enc. pasta española |
| -- |
-- Legado Charro Hidalgo |
| Encuadernación |
Olim: G-5300-3 |
| 852 ## - LOCALIZACIÓN |
| Ubicación |
ES-MaACL |
| Número de control de estantería |
R-1138-41 |
| Nota libre |
-- Enc. piel roja con hierros dorados |
| -- |
-- Legado Calderón |
| -- |
-- Ejemp. guillotinado sin afectar al texto |
| -- |
.- 21 lám. grab. |
| Encuadernación |
Olim: G.11532-35 |